|
|
|
|
| LEADER |
00000nam0a2200000 4500 |
| 001 |
176387 |
| 005 |
20231101223254.0 |
| 035 |
|
|
|a (RuTPU)RU\TPU\book\191227
|
| 090 |
|
|
|a 176387
|
| 100 |
|
|
|a 20100227d1967 k y0rusy50 ca
|
| 101 |
0 |
|
|a rus
|
| 102 |
|
|
|a RU
|
| 105 |
|
|
|a y z 110zy
|
| 200 |
1 |
|
|a Химия Кузбасса за 50 лет Советской власти и перспективы ее развития
|e тезисы докладов научно-технической конференции
|f Кузбасский политехнический институт ; под ред. П. К. Шутова, Х. А. Исхакова, В. А. Иголинского
|
| 210 |
|
|
|a Кемерово
|d 1967
|
| 215 |
|
|
|a 195 с.
|
| 300 |
|
|
|a Ротапр. изд.
|
| 606 |
1 |
|
|a Химия
|x История
|2 stltpush
|3 (RuTPU)RU\TPU\subj\58903
|9 76591
|
| 610 |
1 |
|
|a Кузбасс
|
| 610 |
1 |
|
|a развитие
|
| 610 |
1 |
|
|a перспективы
|
| 610 |
1 |
|
|a конференции
|
| 610 |
1 |
|
|a органический синтез
|
| 610 |
1 |
|
|a пластмассы
|
| 610 |
1 |
|
|a красители
|
| 610 |
1 |
|
|a химико-фармацевтические препараты
|
| 610 |
1 |
|
|a минеральные удобрения
|
| 610 |
1 |
|
|a соли
|
| 610 |
1 |
|
|a кислоты
|
| 610 |
1 |
|
|a коксохимические продукты
|
| 675 |
|
|
|a 54(09)(063)
|v 3
|
| 702 |
|
1 |
|a Шутов
|b П. К.
|4 340
|
| 702 |
|
1 |
|a Исхаков
|b Х. А.
|4 340
|
| 702 |
|
1 |
|a Иголинский
|b В. А.
|4 340
|
| 712 |
1 |
2 |
|a Химия Кузбасса за 50 лет Советской власти и перспективы ее развития
|c конференция
|e Кузбасс
|f 1967
|
| 712 |
0 |
2 |
|a Кузбасский политехнический институт
|c (Кемерово)
|2 stltpush
|3 (RuTPU)RU\TPU\col\4382
|
| 801 |
|
1 |
|a RU
|b 63413507
|c 20100227
|
| 801 |
|
2 |
|a RU
|b 63413507
|c 20140605
|g RCR
|
| 942 |
|
|
|c BK
|